000 03463nam a22002657a 4500
001 5150453
003 UA-OsUOA
005 20201109110609.0
008 200403b un ||||| m||| 00| 0 ukr d
040 _aUA-OsUOA
_bukr
_cUA-OsUOA
_dUA-OsUOA
041 _aukr
080 _a343.13(477)
090 _a343.13(477)
095 _a12.00.09
_bкримінальний процес та криміналістика; судова експертиза; оперативно-розшукова діяльність
100 _aРибалко В. О.
245 _aОцінні поняття в кримінально-процесуальному праві України
_cРибалко Володимир Орестович ; наук. керівник Навроцька Віра Вячеславівна
260 _aЗапоріжжя
_c2016
300 _a20 с.
502 _6Автореферат дисертації на здобуття наукового ступеня кандидата юридичних наук
_cКласичний приватний університет
_d2016
520 _aУ дисертації оцінні поняття розглянуто як неконкретизовані в кримінальному процесуальному законодавстві поняття, зміст і обсяг яких визначають відповідно до конкретних обставин справи. Досліджено доктринальні основи використання оцінних понять у кримінальному процесуальному праві України. Проаналізовано сучасні концепції оцінних понять, теорію та практику їх закріплення в кримінальних процесуальних нормах. Узагальнено правозастосовні помилки в тлумаченні оцінних понять та заходи щодо запобігання їм. Розкрито особливості реалізації оцінних понять для правової регламентації запобіжних заходів, регламентації порядку об’єднання та виділення матеріалів кримінального провадження, регламентації кримінального провадження на підставі угод. Розроблено науково обґрунтовані рекомендації щодо оптимізації їх застосування. На підставі аналізу положень кримінального процесуального законодавства України й окремих зарубіжних держав, прецедентної практики ЄСПЛ висунуто низку положень, а також обґрунтовано пропозиції щодо внесення змін і доповнень до чинного Кримінального процесуального кодексу України.
650 _2UDC
_a343 Кримінальне право. Карні порушення
942 _2udc
_cAR
955 _a1
999 _c458699
_d458699